|
|
|
|
| LEADER |
01206nam a2200349 i 4500 |
| 001 |
001750838 |
| 003 |
CZ BrMZK |
| 005 |
20200703071125.0 |
| 007 |
ta |
| 008 |
200527s2004 xr g 000 f cze |
| 015 |
|
|
|a cnb001629474
|
| 020 |
|
|
|a 80-86321-66-5
|q (Crew ;
|q brožováno) :
|c Kč 195,00
|
| 035 |
|
|
|a (OCoLC)1022788221
|
| 040 |
|
|
|a KLG001
|b cze
|d LIA001
|e rda
|d BOA001
|d ABA001
|
| 072 |
|
7 |
|a 821.162.3-3
|x Česká próza
|2 Konspekt
|9 25
|
| 080 |
|
|
|a 821.162.3-31
|2 MRF
|
| 080 |
|
|
|a (0:82-311.9)
|2 MRF
|
| 100 |
1 |
|
|a Kopřiva, Štěpán,
|d 1971-
|7 ola2004231504
|4 aut
|
| 245 |
1 |
0 |
|a Zabíjení /
|c Štěpán Kopřiva
|
| 250 |
|
|
|a Vydání první
|
| 264 |
|
1 |
|a [Praha] :
|b Crew ve spolupráci s Rigor Mortis Košer Džihád Production,
|c 2004
|
| 300 |
|
|
|a 350 stran ;
|c 18 cm
|
| 336 |
|
|
|a text
|b txt
|2 rdacontent
|
| 337 |
|
|
|a bez média
|b n
|2 rdamedia
|
| 338 |
|
|
|a svazek
|b nc
|2 rdacarrier
|
| 655 |
|
7 |
|a české romány
|7 fd133974
|2 czenas
|
| 655 |
|
7 |
|a vědecko-fantastické romány
|7 fd133847
|2 czenas
|
| 910 |
|
|
|a BOA001
|b 1-1449.001
|
| 928 |
9 |
|
|a Rigor Mortis
|
| 990 |
|
|
|a BK
|
| 991 |
|
|
|b 202007
|
| 996 |
6 |
|
|b 2610819803
|c 1-1449.001
|l MZK
|r Sklad / do 1 hodiny
|n 0
|p kupd
|w 001803257
|u 000010
|a 1
|e BOA001
|j MZK50
|s P
|